[Event "SR 2. liga A 2012/2013"]
[Site "?"]
[Date "2012.10.14"]
[Round "11.7"]
[White "Pericka, Tomas"]
[Black "Kahancova, Jana"]
[Result "1-0"]
[WhiteElo "2029"]
[BlackElo "1597"]
[PlyCount "69"]
[EventDate "2012.??.??"]
[WhiteTeam "Osuske B"]
[BlackTeam "D. Streda B"]

1. e4 e5 2. Bc4 Nc6 3. Nf3 Bc5 4. O-O Nf6 5. d3 d6 6. c3 O-O 7. Re1 Bd7 8. b4
Bb6 9. Nbd2 Ne7 10. Nf1 Ng6 11. Ng3 c6 12. d4 exd4 13. Nxd4 Bxd4 14. Qxd4 Bc8
15. Rd1 Ne5 16. Bb3 Ne8 17. Qxe5 Qf6 18. Qxf6 Nxf6 19. Rxd6 a5 20. Be3 axb4 21.
cxb4 Re8 22. Rad1 Be6 23. Bxe6 fxe6 24. R1d2 Kf7 25. Bd4 Rab8 26. a4 Rec8 27.
a5 Ke7 28. Bc5 Kf7 29. e5 Ne8 30. Rd7+ Kg8 31. Ne4 Rc7 32. Bb6 Rxd7 33. Rxd7
Kf8 34. Bc5+ Kg8 35. Nd6 1-0

[Event "SR 2. liga A 2012/2013"]
[Site "?"]
[Date "2012.10.14"]
[Round "11.8"]
[White "Kahanec, Jan"]
[Black "Diviak, Rastislav"]
[Result "0-1"]
[WhiteElo "1542"]
[BlackElo "2017"]
[PlyCount "82"]
[EventDate "2012.??.??"]
[WhiteTeam "D. Streda B"]
[BlackTeam "Osuske B"]

1. e4 d6 2. d4 Nf6 3. Nc3 g6 4. Nf3 Bg7 5. Be3 c6 6. Bd3 b5 7. a3 a6 8. h3 Nbd7
9. Qd2 Qc7 10. Bh6 O-O 11. Bxg7 Kxg7 12. Ne2 c5 13. c3 Bb7 14. Ng3 e6 15. O-O
Rac8 16. Rac1 Nb6 17. Qe2 Qe7 18. Nd2 cxd4 19. cxd4 Rc7 20. Nb3 Rfc8 21. Rxc7
Rxc7 22. Rc1 Qd7 23. f3 Qc8 24. Rxc7 Qxc7 25. Nf1 Na4 26. Ne3 Nh5 27. Qd2 Nf4
28. Bf1 e5 29. d5 Qb6 30. Kh2 Nxb2 31. Qxb2 Qxe3 32. Na5 Bc8 33. Nc6 Nh5 34.
Nb8 Qe1 35. Qe2 Qg3+ 36. Kg1 Nf4 37. Qc2 Nxh3+ 38. Kh1 Nf2+ 39. Kg1 Nh3+ 40.
Kh1 Qf2 41. Qxc8 Qg1# 0-1

[Event "SR 2. liga A 2012/2013"]
[Site "?"]
[Date "2012.10.14"]
[Round "12.1"]
[White "Skara, Vladimir"]
[Black "Dolnak, Michal"]
[Result "1-0"]
[WhiteElo "2222"]
[BlackElo "2115"]
[PlyCount "55"]
[EventDate "2012.??.??"]
[WhiteTeam "Modra B"]
[BlackTeam "Krasnany"]

1. e4 e6 2. d4 d5 3. Nc3 Bb4 4. exd5 exd5 5. Nf3 Nf6 6. Bd3 O-O 7. O-O Bg4 8.
Bg5 c6 9. Qd2 Bxf3 10. gxf3 Bd6 11. Kh1 Nbd7 12. Rg1 g6 13. f4 Qc7 14. f5 Nh5
15. Ne2 Rfe8 16. Rg2 Nf8 17. Rag1 Qd7 18. Bh6 Qd8 19. Bxf8 Bxf8 20. fxg6 fxg6
21. f4 Bh6 22. Bxg6 hxg6 23. Rxg6+ Kh7 24. Qd3 Re4 25. Qh3 Qf8 26. Qxh5 Rae8
27. Ng3 Qxf4 28. Nf5 1-0

[Event "SR 2. liga A 2012/2013"]
[Site "?"]
[Date "2012.10.14"]
[Round "12.2"]
[White "Slacky, Stanislav"]
[Black "Matejovic, Juraj"]
[Result "1-0"]
[WhiteElo "2198"]
[BlackElo "2199"]
[PlyCount "71"]
[EventDate "2012.??.??"]
[WhiteTeam "Krasnany"]
[BlackTeam "Modra B"]

1. d4 Nf6 2. c4 g6 3. g3 Bg7 4. Bg2 O-O 5. Nc3 d6 6. Nf3 c5 7. O-O Nc6 8. dxc5
dxc5 9. Be3 Be6 10. Rc1 Qa5 11. Qa4 Ng4 12. Qxa5 Nxa5 13. Bxc5 Nxc4 14. b3 Rfc8
15. Bd4 Bh6 16. Rcd1 Nce3 17. fxe3 Bxe3+ 18. Bxe3 Nxe3 19. Rd3 Nxf1 20. Kxf1
Rc7 21. Kf2 Rac8 22. Nb5 Rc5 23. Nfd4 Bd7 24. Na3 e5 25. b4 Rc3 26. Rxc3 Rxc3
27. Ndb5 Bxb5 28. Nxb5 Rc4 29. a3 a6 30. Nd6 Rc3 31. a4 Ra3 32. a5 Ra4 33. Bxb7
Rxb4 34. Bxa6 Rd4 35. Nc4 Rd8 36. Bb7 1-0

[Event "SR 2. liga A 2012/2013"]
[Site "?"]
[Date "2012.10.14"]
[Round "12.3"]
[White "Federic, Jozef"]
[Black "Biro, Karol"]
[Result "1-0"]
[WhiteElo "2299"]
[BlackElo "2156"]
[PlyCount "59"]
[EventDate "2012.??.??"]
[WhiteTeam "Modra B"]
[BlackTeam "Krasnany"]

1. d4 Nf6 2. g3 d5 3. Nf3 c6 4. Bg2 Bf5 5. O-O e6 6. c4 Nbd7 7. b3 Be7 8. Bb2
O-O 9. Nfd2 b5 10. Nc3 bxc4 11. e4 Bg6 12. bxc4 Rb8 13. Qc1 e5 14. exd5 exd4
15. Ne2 c5 16. Nf4 Bf5 17. Re1 Bd6 18. Nb3 a5 19. Ba3 a4 20. Nxd4 Bxf4 21. Qxf4
Bd3 22. Nc6 Qb6 23. Nxb8 Rxb8 24. Rad1 Bg6 25. Bh3 h6 26. Re7 Rd8 27. Rde1 Nh5
28. Qe3 Nhf6 29. Bxd7 Nxd7 30. Rxd7 1-0

[Event "SR 2. liga A 2012/2013"]
[Site "?"]
[Date "2012.10.14"]
[Round "12.4"]
[White "Duriga, Stefan"]
[Black "Mydlarik, Martin"]
[Result "1-0"]
[WhiteElo "2238"]
[BlackElo "2114"]
[PlyCount "57"]
[EventDate "2012.??.??"]
[WhiteTeam "Krasnany"]
[BlackTeam "Modra B"]

1. d4 Nf6 2. c4 e6 3. Nf3 d5 4. Nc3 Be7 5. Bg5 O-O 6. e3 Nbd7 7. Rc1 c6 8. Bd3
dxc4 9. Bxc4 b5 10. Be2 Bb7 11. O-O Rc8 12. a3 a5 13. h3 b4 14. axb4 axb4 15.
Na4 h6 16. Bxf6 Bxf6 17. Qb3 Be7 18. Nc5 Nxc5 19. dxc5 Qa5 20. Ne5 Rfd8 21. Bh5
Rf8 22. Rfd1 Bf6 23. Nxf7 Rc7 24. Nd6 Bc8 25. Bg4 Kh7 26. Rc4 Ba6 27. Qxb4 Qa2
28. Rc2 Ra7 29. Qe4+ 1-0

[Event "SR 2. liga A 2012/2013"]
[Site "?"]
[Date "2012.10.14"]
[Round "12.5"]
[White "Banasova, Katarina"]
[Black "Kebis, Milos"]
[Result "1/2-1/2"]
[WhiteElo "2142"]
[BlackElo "2002"]
[PlyCount "40"]
[EventDate "2012.??.??"]
[WhiteTeam "Modra B"]
[BlackTeam "Krasnany"]

1. e4 c6 2. d4 d5 3. e5 e6 4. c3 c5 5. Be3 Nc6 6. Nf3 cxd4 7. cxd4 f6 8. exf6
Nxf6 9. Bd3 Bd6 10. Nbd2 O-O 11. O-O e5 12. dxe5 Nxe5 13. Qc2 Bd7 14. Nxe5 Bxe5
15. h3 Rc8 16. Qb3 b6 17. Bg5 Be6 18. Rae1 Qd6 19. Nf3 Ne4 20. Nxe5 Nxg5
1/2-1/2

[Event "SR 2. liga A 2012/2013"]
[Site "?"]
[Date "2012.10.14"]
[Round "12.6"]
[White "Dzavik, Jozef"]
[Black "Kundrak, Vladimir"]
[Result "1/2-1/2"]
[WhiteElo "2004"]
[BlackElo "1964"]
[PlyCount "100"]
[EventDate "2012.??.??"]
[WhiteTeam "Krasnany"]
[BlackTeam "Modra B"]

1. e4 e6 2. d4 d5 3. e5 c5 4. c3 Nc6 5. Nf3 Qb6 6. Be2 cxd4 7. cxd4 Nh6 8. Nc3
Nf5 9. Na4 Qa5+ 10. Kf1 Be7 11. a3 Bd7 12. b4 Qd8 13. g3 O-O 14. h4 Ncxd4 15.
Nxd4 Bxa4 16. Qd3 Nxd4 17. Qxd4 Qd7 18. Kg2 Bb5 19. Bd1 Ba4 20. Be2 Rfc8 21.
Bg5 Bf8 22. h5 Bb5 23. Bxb5 Qxb5 24. Rac1 a5 25. h6 g6 26. bxa5 Qxa5 27. a4 Qb4
28. Rxc8 Rxc8 29. Qxb4 Bxb4 30. Rb1 Rc4 31. a5 Kf8 32. Bd8 Ke8 33. Bb6 Kd7 34.
Rb3 Ke8 35. Kf1 d4 36. Ke2 Bc3 37. Kd3 Rb4 38. Rxb4 Bxb4 39. Kxd4 Bf8 40. Kc4
Bxh6 41. Kb5 Kd7 42. f4 Bf8 43. Bf2 h5 44. Kb6 Kc8 45. Bc5 Bh6 46. Be7 Bg7 47.
Kc5 Kd7 48. Kb6 Kc8 49. Kc5 Bh6 50. Kd6 Bg7 1/2-1/2

[Event "SR 2. liga A 2012/2013"]
[Site "?"]
[Date "2012.10.14"]
[Round "12.7"]
[White "Sustak, Roman"]
[Black "Mandak, Miroslav"]
[Result "1/2-1/2"]
[WhiteElo "1917"]
[BlackElo "1973"]
[PlyCount "201"]
[EventDate "2012.??.??"]
[WhiteTeam "Modra B"]
[BlackTeam "Krasnany"]

1. Nf3 Nf6 2. d4 e6 3. c4 Bb4+ 4. Nc3 Ne4 5. Qc2 f5 6. a3 Bxc3+ 7. bxc3 d6 8.
Nd2 Nf6 9. e4 O-O 10. Be2 Ng4 11. O-O e5 12. h3 Nh6 13. Nf3 Nc6 14. Bxh6 gxh6
15. Bd3 f4 16. Kh2 Qf6 17. Qb2 b6 18. Rad1 Kh8 19. Rg1 Rg8 20. Be2 Ne7 21. dxe5
dxe5 22. c5 Bb7 23. Bc4 Rgd8 24. Qb1 Bc6 25. Bb5 Ng6 26. c4 bxc5 27. Bxc6 Qxc6
28. Rd5 Rxd5 29. cxd5 Qb6 30. Qa1 Re8 31. Re1 c4 32. Kg1 Qc5 33. Qc3 c6 34. Rd1
cxd5 35. Rxd5 Qc7 36. Kf1 Kg8 37. Nd2 Rc8 38. Ke1 Kf7 39. Kd1 Kf6 40. Kc2 Ne7
41. Rb5 Nc6 42. Kd1 Nd4 43. Rb4 Qg7 44. g3 fxg3 45. fxg3 Qd7 46. g4 Nb3 47. Ke1
Nxd2 48. Qxd2 Qxd2+ 49. Kxd2 Rd8+ 50. Kc2 Rd3 51. Ra4 Rxh3 52. Rxa7 Kg5 53. a4
Kxg4 54. Rf7 Ra3 55. Rf5 Rxa4 56. Rxe5 Kf4 57. Rh5 Kxe4 58. Rxh6 Ra7 59. Kc3
Rc7 60. Rh1 Kf4 61. Rf1+ Kg4 62. Rg1+ Kf3 63. Rh1 Ke4 64. Re1+ Kd5 65. Rd1+ Kc5
66. Rh1 Kd6 67. Rh6+ Ke5 68. Rh1 Kf6 69. Rf1+ Kg7 70. Rg1+ Kh8 71. Rg4 h5 72.
Rh4 Rc5 73. Kb4 Rg5 74. Rh1 Kg7 75. Kxc4 Kg6 76. Kd4 Rf5 77. Ke4 Rf7 78. Rg1+
Kh6 79. Rg8 h4 80. Ke3 Kh5 81. Ke2 h3 82. Rh8+ Kg4 83. Rg8+ Kh4 84. Rh8+ Kg3
85. Rg8+ Kh2 86. Rg6 Ra7 87. Kf2 Ra2+ 88. Kf1 Rg2 89. Rh6 Rg3 90. Kf2 Rg5 91.
Kf3 Ra5 92. Kf2 Rf5+ 93. Ke3 Kg2 94. Rg6+ Kh1 95. Rg3 h2 96. Ke2 Ra5 97. Kf1
Ra1+ 98. Kf2 Rg1 99. Rh3 Rg8 100. Rf3 Ra8 101. Rg3 1/2-1/2

[Event "SR 2. liga A 2012/2013"]
[Site "?"]
[Date "2012.10.14"]
[Round "12.8"]
[White "Lenhart, Juraj"]
[Black "Horvath, Marek"]
[Result "1-0"]
[WhiteElo "2126"]
[BlackElo "1830"]
[PlyCount "147"]
[EventDate "2012.??.??"]
[WhiteTeam "Krasnany"]
[BlackTeam "Modra B"]

1. e4 e5 2. Nf3 Nf6 3. Nc3 Bb4 4. d3 d6 5. Be2 O-O 6. O-O Ne8 7. Nd5 Ba5 8. b4
c6 9. bxa5 cxd5 10. Bg5 f6 11. Bd2 dxe4 12. dxe4 Nc6 13. Bc4+ Kh8 14. Qe1 Bg4
15. Nh4 Nd4 16. Bd3 Rc8 17. c3 Nc6 18. a6 b6 19. h3 Be6 20. a4 Na5 21. Qe2 Nc4
22. Bc1 Rc6 23. Qh5 Bf7 24. Qg4 Qc8 25. Nf5 Qxa6 26. f4 Qa5 27. Bxc4 Rxc4 28.
fxe5 Qxe5 29. Bf4 Qc5+ 30. Be3 Qc6 31. Bd4 Bg6 32. a5 Nc7 33. axb6 axb6 34. Ra7
Re8 35. Qg3 Bxf5 36. exf5 Ra4 37. Rxa4 Qxa4 38. Qxd6 Rc8 39. Bxb6 Nb5 40. Qd7
Qa6 41. Bd8 Qa7+ 42. Qxa7 Nxa7 43. Ba5 Kg8 44. g4 Nb5 45. Rf3 Nd6 46. Kf2 g6
47. Rd3 Nc4 48. Bb4 Ne5 49. Rd4 gxf5 50. gxf5 Kg7 51. Ke3 Kh6 52. Kf4 Kg7 53.
Ke4 h5 54. Rd2 Re8 55. Kd5 Rd8+ 56. Bd6 Rxd6+ 57. Kxd6 Nc4+ 58. Kd5 Nxd2 59. c4
Nxc4 60. Kxc4 h4 61. Kd5 Kh6 62. Kd6 Kh5 63. Ke7 Kg5 64. Ke6 Kf4 65. Kxf6 Kg3
66. Ke5 Kxh3 67. f6 Kg2 68. f7 h3 69. f8=Q h2 70. Qg7+ Kh1 71. Qh6 Kg1 72. Qe3+
Kg2 73. Qe2+ Kg3 74. Qf1 1-0

[Event "SR 2. liga A 2012/2013"]
[Site "?"]
[Date "2012.12.01"]
[Round "13.1"]
[White "Kundrik, Peter"]
[Black "Rohacek, Miroslav"]
[Result "1-0"]
[WhiteElo "2248"]
[BlackElo "2308"]
[PlyCount "73"]
[EventDate "2012.??.??"]
[WhiteTeam "Piestany"]
[BlackTeam "KSN"]

1. e4 c5 2. Nf3 d6 3. c3 Nf6 4. Bd3 Nc6 5. h3 d5 6. e5 Nd7 7. Bb5 Qb6 8. Qe2 e6
9. O-O a6 10. Ba4 Qc7 11. d4 Be7 12. a3 b5 13. Bc2 a5 14. Bd3 c4 15. Bc2 h6 16.
Nh2 Ba6 17. Qg4 Bf8 18. f4 g6 19. Bxg6 fxg6 20. Qxg6+ Kd8 21. Qxe6 Bb7 22. Ng4
Ra6 23. Qf7 h5 24. Nf6 Kc8 25. Nxd5 Qd8 26. Ne3 Ne7 27. a4 Rg6 28. f5 Rg3 29.
f6 Rhg8 30. Rf2 Nc6 31. e6 Nde5 32. dxe5 Nxe5 33. Qxh5 Rxe3 34. Bxe3 Nf3+ 35.
Rxf3 Qd1+ 36. Kf2 Bxf3 37. Qxf3 1-0

[Event "SR 2. liga A 2012/2013"]
[Site "?"]
[Date "2012.12.01"]
[Round "13.2"]
[White "Kovac, Andrej"]
[Black "Abel, Peter"]
[Result "1/2-1/2"]
[WhiteElo "2148"]
[BlackElo "2194"]
[PlyCount "82"]
[EventDate "2012.??.??"]
[WhiteTeam "KSN"]
[BlackTeam "Piestany"]

1. d4 Nf6 2. c4 c5 3. d5 e5 4. Nc3 d6 5. g3 Be7 6. Bg2 O-O 7. Nf3 Nbd7 8. e4
Ne8 9. O-O g6 10. Bh6 Ng7 11. h4 Nf6 12. Nh2 Nfh5 13. Bf3 Re8 14. Kg2 Qd7 15.
Rh1 a6 16. Bg5 f6 17. Bh6 b5 18. b3 Rb8 19. Rb1 b4 20. Ne2 f5 21. Ng1 Nf6 22.
Bxg7 Kxg7 23. exf5 e4 24. Be2 Qxf5 25. Nf1 h5 26. Nh3 Ng4 27. Bxg4 Qxg4 28. Ne3
Qxd1 29. Rbxd1 Bf6 30. Rhe1 a5 31. Re2 Bd7 32. Rde1 Re5 33. Nf4 a4 34. Nf1 Bf5
35. Nd2 axb3 36. axb3 Rbe8 37. Nf1 Ra8 38. Ne3 Bd7 39. Nc2 Bf5 40. Ne3 Bd7 41.
Nc2 Bf5 1/2-1/2

[Event "SR 2. liga A 2012/2013"]
[Site "?"]
[Date "2012.12.01"]
[Round "13.3"]
[White "Matulik, Daniel"]
[Black "Kimerling, Martin"]
[Result "0-1"]
[WhiteElo "2125"]
[BlackElo "2027"]
[PlyCount "80"]
[EventDate "2012.??.??"]
[WhiteTeam "Piestany"]
[BlackTeam "KSN"]

1. d4 Nf6 2. Nf3 g6 3. g3 Bg7 4. Bg2 O-O 5. O-O d6 6. c4 Nc6 7. Nc3 a6 8. d5
Na5 9. Nd2 c5 10. Rb1 Rb8 11. a3 Qc7 12. e4 Ng4 13. Qe2 Ne5 14. h3 b5 15. cxb5
c4 16. Nf3 Nxf3+ 17. Qxf3 axb5 18. Na2 Nb3 19. Be3 f5 20. Qd1 Nc5 21. Bd4 Bxd4
22. Qxd4 f4 23. gxf4 Nd3 24. Qe3 Nxf4 25. Nb4 e5 26. dxe6 Bxe6 27. Na6 Qe7 28.
Nxb8 Qg5 29. Qxf4 Rxf4 30. Kh2 Rh4 31. f4 Rxf4 32. Nc6 Bd7 33. Nb4 Rxf1 34.
Rxf1 Qe5+ 35. Kh1 Kg7 36. Rf2 Qg3 37. Rf3 Qe1+ 38. Rf1 Qe2 39. Nd5 Qxb2 40. Rf3
Bc6 0-1

[Event "SR 2. liga A 2012/2013"]
[Site "?"]
[Date "2012.12.01"]
[Round "13.4"]
[White "Sebo, Viktor"]
[Black "Mihalik, Marek"]
[Result "0-1"]
[WhiteElo "2073"]
[BlackElo "2019"]
[PlyCount "56"]
[EventDate "2012.??.??"]
[WhiteTeam "KSN"]
[BlackTeam "Piestany"]

1. e4 c5 2. Nf3 d6 3. d4 cxd4 4. Nxd4 Nf6 5. Nc3 a6 6. Bc4 e6 7. f3 Be7 8. Be3
Nc6 9. Qe2 Qc7 10. Bb3 O-O 11. O-O-O Na5 12. g4 Nxb3+ 13. Nxb3 b5 14. h4 Bb7
15. h5 b4 16. Nb1 d5 17. g5 Nd7 18. exd5 Bxd5 19. g6 fxg6 20. hxg6 Bxf3 21.
Rxd7 Qxd7 22. Qh2 h5 23. Nd4 Bxh1 24. Qxh5 Rf1+ 25. Kd2 Bf6 26. Qh7+ Kf8 27.
Ke2 Rxb1 28. Bg5 Qxd4 0-1

[Event "SR 2. liga A 2012/2013"]
[Site "?"]
[Date "2012.12.01"]
[Round "13.5"]
[White "Manak, Jozef"]
[Black "Padysak, Tomas"]
[Result "1/2-1/2"]
[WhiteElo "2020"]
[BlackElo "2035"]
[PlyCount "84"]
[EventDate "2012.??.??"]
[WhiteTeam "Piestany"]
[BlackTeam "KSN"]

1. Nf3 f5 2. b3 Nf6 3. Bb2 e6 4. e3 Be7 5. c4 O-O 6. Be2 b6 7. O-O Bb7 8. Ne5
d6 9. Bf3 c6 10. Nd3 e5 11. Ne1 Nbd7 12. d3 d5 13. g3 Qc7 14. Bg2 Rad8 15. Qc2
Qb8 16. Nf3 Bd6 17. Nc3 Rfe8 18. Rac1 Rc8 19. Qb1 g6 20. cxd5 cxd5 21. Nb5 Bf8
22. Rxc8 Rxc8 23. Rc1 a6 24. Rxc8 Bxc8 25. Nc3 Bb7 26. Ne2 Bg7 27. Qc2 Qd6 28.
d4 e4 29. Ne5 Ng4 30. Nxd7 Qxd7 31. Ba3 Kf7 32. Qc3 Qc8 33. Qb4 Bf8 34. Qxf8+
Qxf8 35. Bxf8 Kxf8 36. Nc3 Nf6 37. Na4 Nd7 38. f3 Bc6 39. Nc3 Nf6 40. fxe4 fxe4
41. h3 g5 42. Bf1 Bb7 1/2-1/2

[Event "SR 2. liga A 2012/2013"]
[Site "?"]
[Date "2012.12.01"]
[Round "13.6"]
[White "Sklars, Tomas"]
[Black "Stepanovic, Branislav"]
[Result "1-0"]
[WhiteElo "2003"]
[BlackElo "1992"]
[PlyCount "109"]
[EventDate "2012.??.??"]
[WhiteTeam "KSN"]
[BlackTeam "Piestany"]

1. e4 c5 2. Nf3 Nc6 3. d4 cxd4 4. Nxd4 Nf6 5. Nc3 d6 6. Bg5 e6 7. Qd2 Be7 8.
O-O-O Bd7 9. Ndb5 O-O 10. Nxd6 Qb8 11. f4 Rd8 12. e5 Nd5 13. Bxe7 Ncxe7 14.
Nce4 Ng6 15. g3 Bc6 16. h4 Ndxf4 17. gxf4 Bxe4 18. Rg1 Qc7 19. Bg2 Bxg2 20.
Qxg2 f6 21. Qg3 f5 22. h5 Nf8 23. Rd3 Qe7 24. Qg2 Rd7 25. Rg3 Rb8 26. Qf3 Qd8
27. Qb3 Kh8 28. Rd3 b5 29. Nf7+ Rxf7 30. Rxd8 Rxd8 31. Qxb5 Rfd7 32. Qb3 Rd4
33. Qg3 R4d7 34. b3 h6 35. Kb2 Rc7 36. Rc1 Rd2 37. Qe3 Rh2 38. Qf3 Rc8 39. Qb7
Rd8 40. Qe7 Rc8 41. Qxa7 Rxh5 42. Rg1 g6 43. b4 Rh2 44. Rc1 Rd2 45. b5 Rd7 46.
Qa6 Rb8 47. c4 Rdb7 48. a4 Rb6 49. Qa5 R6b7 50. c5 Rc8 51. c6 Rbc7 52. b6 Rxc6
53. Rxc6 Rxc6 54. b7 Nd7 55. Qd8+ 1-0

[Event "SR 2. liga A 2012/2013"]
[Site "?"]
[Date "2012.12.01"]
[Round "13.7"]
[White "Mihalik, Anton"]
[Black "Vrtiakova, Anna"]
[Result "1/2-1/2"]
[WhiteElo "1953"]
[BlackElo "1699"]
[PlyCount "88"]
[EventDate "2012.??.??"]
[WhiteTeam "Piestany"]
[BlackTeam "KSN"]

1. c4 e6 2. Nc3 Nf6 3. e4 d6 4. d4 Nbd7 5. Nf3 e5 6. Be2 Be7 7. O-O O-O 8. Qc2
b6 9. Rd1 exd4 10. Nxd4 Bb7 11. f3 Re8 12. Be3 Bf8 13. Rac1 Rc8 14. Bf2 g6 15.
Qa4 Nc5 16. Qc2 Bg7 17. b4 Ne6 18. Nd5 Nxd5 19. cxd5 Nxd4 20. Bxd4 Bxd4+ 21.
Rxd4 c6 22. dxc6 Rxc6 23. Qd2 Rxc1+ 24. Qxc1 Qd7 25. Qd2 Rd8 26. Bc4 Qe7 27. a4
Bc6 28. b5 Bb7 29. Bb3 Qe5 30. Rc4 Rc8 31. Qc2 Rxc4 32. Qxc4 Qc5+ 33. Kf1 Qxc4+
34. Bxc4 Kf8 35. Ke2 Ke7 36. Ke3 Bc8 37. g4 f6 38. h4 g5 39. hxg5 fxg5 40. Kd4
Be6 41. Bd5 h6 42. e5 dxe5+ 43. Kxe5 Bxd5 44. Kxd5 Kd7 1/2-1/2

[Event "SR 2. liga A 2012/2013"]
[Site "?"]
[Date "2012.12.01"]
[Round "13.8"]
[White "Sahidi, Samir"]
[Black "Nemsak, Denis"]
[Result "1/2-1/2"]
[WhiteElo "1674"]
[BlackElo "1873"]
[PlyCount "127"]
[EventDate "2012.??.??"]
[WhiteTeam "KSN"]
[BlackTeam "Piestany"]

1. e4 d5 2. exd5 Nf6 3. c4 e6 4. dxe6 Bxe6 5. d4 Bb4+ 6. Bd2 Qe7 7. Bxb4 Qxb4+
8. Qd2 Qe7 9. Qe2 Nc6 10. Nf3 O-O-O 11. d5 Qb4+ 12. Qd2 Bf5 13. Be2 Rhe8 14.
Kf1 Qc5 15. Nc3 Ng4 16. Nd1 Nb4 17. Nd4 Rxe2 18. Nxe2 Re8 19. a3 Nd3 20. b4
Qxc4 21. h3 Nf6 22. Ne3 Qh4 23. g3 Qe4 24. Rh2 Qe5 25. Rd1 Nxf2 26. Rxf2 Bxh3+
27. Ng2 Ne4 28. Qf4 Nxf2 29. Qxf2 Qb2 30. Nef4 Qb3 31. Re1 Rxe1+ 32. Qxe1 Qf3+
33. Kg1 Bd7 34. Qe7 b6 35. Qf8+ Kb7 36. Qxg7 Qxa3 37. Qxf7 Bb5 38. Qxh7 Qxb4
39. g4 a5 40. g5 a4 41. g6 a3 42. g7 a2 43. g8=Q a1=Q+ 44. Kh2 Qbd4 45. Nh3
Qe5+ 46. Qg3 Bc4 47. Nhf4 Qad4 48. Qf7 Qh8+ 49. Qh4 Qxh4+ 50. Nxh4 Qe5 51. Nf3
Qd6 52. Kg3 b5 53. Qe6 Qxe6 54. dxe6 Bxe6 55. Nxe6 Kb6 56. Kf2 b4 57. Ke3 c5
58. Kd3 Kb5 59. Nd2 b3 60. Kc3 b2 61. Kxb2 Kc6 62. Kc3 Kd5 63. Nf4+ Ke5 64. Kd3
1/2-1/2

[Event "SR 2. liga A 2012/2013"]
[Site "?"]
[Date "2012.12.01"]
[Round "14.1"]
[White "Drtina, Milan"]
[Black "Janos, Martin"]
[Result "1-0"]
[WhiteElo "2202"]
[BlackElo "2230"]
[PlyCount "127"]
[EventDate "2012.??.??"]
[WhiteTeam "Trnava B"]
[BlackTeam "DP BA"]

1. e4 c5 2. c4 Nc6 3. Ne2 g6 4. d4 Bg7 5. d5 Nd4 6. Nbc3 e5 7. Nxd4 exd4 8. Nb5
d6 9. b4 Nf6 10. Bd3 O-O 11. bxc5 dxc5 12. O-O a6 13. Na3 Re8 14. Re1 Ng4 15.
h3 Ne5 16. f4 Nxd3 17. Qxd3 f5 18. e5 b5 19. Bd2 Bb7 20. d6 b4 21. Qb3 Qd7 22.
Nc2 a5 23. a4 g5 24. Nxd4 cxd4 25. c5+ Qe6 26. Qg3 Qd5 27. Rac1 gxf4 28. Bxf4
Re6 29. Bg5 Kh8 30. Qf3 Qxf3 31. gxf3 Bc6 32. f4 h6 33. Bh4 Kg8 34. Red1 Rg6+
35. Kf1 Bg2+ 36. Kf2 Bc6 37. Rxd4 Rg2+ 38. Ke3 b3 39. d7 b2 40. d8=Q+ Kh7 41.
Rb1 Rxd8 42. Bxd8 Bf8 43. Bb6 Be7 44. Kd3 Bh4 45. Kc3 Be4 46. Rxb2 Be1+ 47. Kb3
Rg3+ 48. Kc4 Bc6 49. Rd3 Rg7 50. Re2 Bg3 51. Bxa5 Bxa4 52. e6 Bxf4 53. Rf3 Bd1
54. Rxf4 Bxe2+ 55. Kd5 Rg3 56. Rxf5 Rxh3 57. e7 Re3 58. Re5 Rxe5+ 59. Kxe5 Bb5
60. Kd6 Kg6 61. c6 Kf7 62. c7 Ba6 63. Kd7 Kf6 64. Kd8 {cas} 1-0

[Event "SR 2. liga A 2012/2013"]
[Site "?"]
[Date "2012.12.01"]
[Round "14.2"]
[White "Certek, Pavel"]
[Black "Arendas, Marek"]
[Result "1-0"]
[WhiteElo "2315"]
[BlackElo "2085"]
[PlyCount "93"]
[EventDate "2012.??.??"]
[WhiteTeam "DP BA"]
[BlackTeam "Trnava B"]

1. d4 d5 2. c4 c6 3. Nf3 Nf6 4. e3 g6 5. Bd3 Bg7 6. O-O O-O 7. Nbd2 Bf5 8. Bxf5
gxf5 9. b3 Nbd7 10. Bb2 Rc8 11. Qe2 e6 12. Rac1 Qa5 13. Rc2 Ne4 14. Rfc1 Ndf6
15. cxd5 Qxd5 16. Qc4 Nxd2 17. Nxd2 Rfd8 18. Qxd5 Rxd5 19. Nb1 Rcd8 20. Nc3
R5d7 21. Na4 Bf8 22. g3 Nd5 23. a3 Nb6 24. Nc3 Nd5 25. Ne2 a5 26. Kg2 Be7 27.
Ng1 Kf8 28. Nf3 f6 29. Ne1 Ke8 30. Nd3 Rc7 31. Kf3 Bd6 32. Ke2 Re7 33. f3 e5
34. dxe5 Bxe5 35. Nxe5 fxe5 36. Rd2 h5 37. Rc4 e4 38. fxe4 fxe4 39. Rdd4 Nb6
40. Rxd8+ Kxd8 41. Rc5 Nd5 42. Rxd5+ cxd5 43. Bf6 Kd7 44. Bxe7 Kxe7 45. Kd2 Ke6
46. Kc3 Ke5 47. b4 1-0

[Event "SR 2. liga A 2012/2013"]
[Site "?"]
[Date "2012.12.01"]
[Round "14.3"]
[White "Hertel, Ondrej"]
[Black "Janos, Jozef"]
[Result "1-0"]
[WhiteElo "2079"]
[BlackElo "2152"]
[PlyCount "125"]
[EventDate "2012.??.??"]
[WhiteTeam "Trnava B"]
[BlackTeam "DP BA"]

1. d4 Nf6 2. Nf3 g6 3. Bg5 Bg7 4. e3 d6 5. Bd3 Nbd7 6. Nbd2 O-O 7. O-O c6 8. c3
Qc7 9. Qc2 e5 10. dxe5 dxe5 11. e4 Nc5 12. Be2 Ne6 13. Rad1 h6 14. Bxf6 Bxf6
15. g3 b5 16. c4 b4 17. c5 Rb8 18. a4 bxa3 19. bxa3 Qa5 20. Nb3 Qc7 21. Bc4 Be7
22. Qc3 f6 23. Nbd4 exd4 24. Nxd4 Qe5 25. f4 Qxc5 26. f5 Kh8 27. fxe6 Rd8 28.
Kg2 Qe5 29. Rf3 Bb7 30. Rfd3 Qxe4+ 31. Nf3 c5 32. Rxd8+ Rxd8 33. Rxd8+ Bxd8 34.
Kf2 Be7 35. Nh4 Kg7 36. Qb3 Qc6 37. Qd3 f5 38. Nf3 Qd6 39. Qb3 Be4 40. Qc3+ Bf6
41. Qb3 g5 42. Qa4 Qc7 43. Bb3 g4 44. Nd2 Bd4+ 45. Ke1 Bc6 46. Qc4 Qe5+ 47. Kd1
Kf6 48. Qa6 Qd6 49. Qc8 Qe7 50. Qxc6 h5 51. Qd7 Qxd7 52. exd7 Ke7 53. Be6 f4
54. gxf4 Be3 55. f5 Bg5 56. Ke2 h4 57. f6+ Bxf6 58. Bxg4 a5 59. a4 Bc3 60. Nc4
Kd8 61. h3 Kc7 62. Kd3 Be1 63. Ke4 1-0

[Event "SR 2. liga A 2012/2013"]
[Site "?"]
[Date "2012.12.01"]
[Round "14.4"]
[White "Tepper, Frantisek"]
[Black "Doucha, Ludvik"]
[Result "1-0"]
[WhiteElo "2162"]
[BlackElo "2072"]
[PlyCount "83"]
[EventDate "2012.??.??"]
[WhiteTeam "DP BA"]
[BlackTeam "Trnava B"]

1. e4 e5 2. Nf3 d6 3. Bc4 c5 4. c3 Nc6 5. d4 Qc7 6. Ng5 Nh6 7. dxc5 dxc5 8. O-O
Be7 9. h3 O-O 10. Qh5 Qd6 11. Na3 a6 12. Bd5 b5 13. Nf3 Ra7 14. Rd1 Be6 15.
Bxh6 gxh6 16. Qxh6 Bxd5 17. Qh5 Qg6 18. Qxg6+ hxg6 19. exd5 e4 20. Nd2 Ne5 21.
Nxe4 f5 22. f4 Nd7 23. Ng5 Bxg5 24. fxg5 Re8 25. Re1 Raa8 26. c4 b4 27. Nc2 Ne5
28. b3 Nf7 29. h4 Nd6 30. a3 bxa3 31. Rxa3 Rxe1+ 32. Nxe1 Ne4 33. Nd3 Rb8 34.
Rxa6 Rxb3 35. Ne5 Rb1+ 36. Kh2 Nf2 37. Rxg6+ Kh7 38. Rh6+ Kg7 39. Kg3 Ne4+ 40.
Kf4 Rf1+ 41. Nf3 Nd2 42. Rc6 1-0

[Event "SR 2. liga A 2012/2013"]
[Site "?"]
[Date "2012.12.01"]
[Round "14.5"]
[White "Liptak, Dusan"]
[Black "Fabry, Robert"]
[Result "1/2-1/2"]
[WhiteElo "2060"]
[BlackElo "2165"]
[PlyCount "116"]
[EventDate "2012.??.??"]
[WhiteTeam "Trnava B"]
[BlackTeam "DP BA"]

1. d4 Nf6 2. Nf3 e6 3. c4 d5 4. Nc3 c6 5. e3 Be7 6. g4 Nbd7 7. Qc2 h6 8. Rg1
Nh7 9. e4 dxe4 10. Nxe4 Ndf6 11. Be2 Nxe4 12. Qxe4 Ng5 13. Bxg5 Bxg5 14. a3 Qf6
15. Rd1 Qf4 16. Qd3 Bd7 17. h4 Be7 18. c5 O-O-O 19. Qe3 Qc7 20. g5 hxg5 21.
hxg5 Rde8 22. Ne5 f6 23. Ng6 Rh2 24. Nxe7+ Rxe7 25. gxf6 gxf6 26. Rg8+ Be8 27.
Qg3 Qxg3 28. Rxg3 Kc7 29. Rdd3 Rd7 30. b4 Rh4 31. Rg4 Rh1+ 32. Kd2 Rh6 33. Ke3
Bg6 34. Rd2 Bf5 35. Rg3 Rh4 36. Bf3 Re7 37. Bg2 Reh7 38. Bf3 Rd7 39. Rg2 Rh1
40. Be2 Ra1 41. Rg3 Rxa3+ 42. Kf4 Ra4 43. Rb3 a5 44. Ke3 axb4 45. Rdb2 Ra3 46.
Rxa3 bxa3 47. Ra2 Rh7 48. Rxa3 Rh3+ 49. f3 b5 50. cxb6+ Kxb6 51. Ra8 Kc7 52.
Rf8 Rh6 53. Bc4 Kd6 54. Rd8+ Ke7 55. Rc8 Kd7 56. Rf8 Bc2 57. Rf7+ Kd6 58. Rf8
e5 1/2-1/2